Elektrotechnické merania 1 pre 3. roč. stred. priem. škôl elektrotechn. /
Salvato in:
| Autore principale: | |
|---|---|
| Natura: | Libro |
| Lingua: | slovacco |
| Pubblicazione: |
Bratislava :
Alfa,
1986
|
| Edizione: | 1.vyd. |
| Tags: |
Nessun Tag, puoi essere il primo ad aggiungerne!!
|
MARC
| LEADER | 00000nam a22000003a 4500 | ||
|---|---|---|---|
| 001 | stu5834 | ||
| 005 | 20150617225808.2 | ||
| 008 | 940509s1986----cs------------------slo-d | ||
| 040 | |a STU |b slo | ||
| 041 | 0 | |a slo | |
| 044 | |a cs | ||
| 080 | |a 621.317(075.3) | ||
| 100 | 1 | |a Fiala, Miloslav |4 aut | |
| 245 | 1 | |a Elektrotechnické merania 1 pre 3. roč. stred. priem. škôl elektrotechn. / |c [aut.] Fiala,M | |
| 250 | |a 1.vyd. | ||
| 260 | |a Bratislava : |b Alfa, |c 1986 | ||
| 300 | |a 438 s | ||
| 996 | |b E66034 |c E*66034 |l EE05 |s P |a 0 |w stu5834_0001 | ||
| 996 | |b E66032 |c E*66032 |l EE05 |s P |a 0 |w stu5834_0002 | ||
| 996 | |b E66033 |c E*66033 |l EE05 |s P |a 0 |w stu5834_0003 | ||